The Very First Night lyrics - Statistics

General Stats
  • This quiz has been taken 453 times
  • The average score is 334 of 374
Answer Stats
Lyrics % Correct
I
100%
"I
100%
in
99%
night
99%
night"
99%
the
99%
you
99%
you,
99%
you?"
99%
first
98%
it
98%
very
98%
we
98%
We
98%
could
97%
go
96%
wish
96%
and
95%
And
95%
back
95%
Back
95%
fly
95%
like
95%
miss
95%
time
95%
was
95%
was,
95%
I'd
94%
"Do
93%
to
93%
don't
92%
know
92%
sky
92%
how
91%
they
91%
They
91%
we'd
91%
much
90%
pick
90%
so
90%
up
90%
were
90%
this
89%
about
88%
but
88%
But
88%
hotel
88%
when
88%
write
88%
goes,
87%
fell
85%
both
84%
me
84%
car
83%
did
83%
on
83%
all
82%
L.A.
82%
No
82%
fall
81%
love,
81%
say
81%
every
80%
party
80%
that
80%
broke
79%
Didn't
78%
didn't
78%
I'm
78%
Not
78%
Take
78%
take
78%
going
77%
never
77%
picture
77%
same
77%
then
77%
through
77%
away,
76%
away
76%
down
76%
each
75%
My
75%
out
75%
Polaroid
75%
ridin'
75%
different
74%
lead
74%
one
74%
other's
74%
weekend,
74%
whisper,
74%
roads,
73%
apart
72%
'Cause
72%
children
72%
hearts
72%
alone
71%
broken
71%
friends
71%
knows
71%
runnin'
71%
hearted
70%
forget
69%
saw
69%
comin'
68%
drive
68%
hallway
67%
read
67%
status
67%
note
66%
seem
66%
at
65%
quo,
65%
remember
64%
built
63%
everything
63%
weren't
63%
words
63%
whispered
62%
tryin'
60%
as
58%
kitchen,
56%
phone
56%
chased
43%
Danced
29%
No matching quizzes found
Score Distribution
Percent of People with Each Score
Percentile by Number Answered
Your Score History
You have not taken this quiz